| 000 | 01231cam a2200325 a 4500 | ||
|---|---|---|---|
| 001 | 50622 | ||
| 003 | BD-RjUL | ||
| 005 | 20211209075534.0 | ||
| 008 | 160828s1888 nyuace sb 001 0 eng d | ||
| 035 | _aBD-RjUL50742 | ||
| 035 | _a(OCoLC)ocn259699101 | ||
| 035 | _a(NNC)10860627 | ||
| 040 |
_aNNC _cNNC _beng |
||
| 041 | _aeng | ||
| 082 |
_223 _a610.71141 _bDAH 1888 |
||
| 100 | 1 |
_aDalton, John Call, _d1825-1889. _9151577 |
|
| 245 | 1 | 0 |
_aHistory of the College of Physicians and Surgeons in the City of New York _bMedical Department of Columbia College / _cby John C. Dalton. |
| 260 |
_aNew York : _bPublished by order of the College, _c1888. |
||
| 300 |
_a208 p. : _bill. ; _c24 cm. |
||
| 500 | _aIncludes index. | ||
| 504 | _aBibliography: p. [4]-5. | ||
| 506 | 0 |
_aDigital version available with no restrictions _fUnrestricted online access _2star _5NNC |
|
| 610 | 2 | 0 |
_aColumbia University. _bCollege of Physicians and Surgeons _9151578 |
| 650 | 0 |
_aMedical colleges _zNew York (State) _xHistory. _9151579 |
|
| 650 | 2 |
_aSchools, Medical _xhistory. _9151580 |
|
| 651 | 2 |
_aNew York City. _9151581 |
|
| 776 | 0 |
_cOriginal _w(OCoLC)1152854 |
|
| 856 | 4 | 0 | _uhttp://www.columbia.edu/cgi-bin/cul/resolve?clio10860627 |
| 942 |
_2ddc _cBK |
||
| 999 |
_c50622 _d50622 |
||